000 00820nam a22002417a 4500
003 DO-SdBNP
005 20231019115021.0
008 151202b 1994 nyu xxu||||| |||| 00| 0 spa d
040 _aBPMSU
_bspa
_cBPMSU
082 4 _a823.8
_bL185a 1994
_222
100 1 _aLaiken, Deirdre S.
245 1 0 _aAzabache /
_cAnna Sewell ; adaptación de Deirdre S. Laiken ; traducido por Sol B. Gaitan.
260 _aNew York :
_bBaronet Books,
_c1994.
300 _a232 p. :
_bil. ;
_c21 cm.
490 0 _aGrandes clásicos ilustrados,
_v203/2
590 _aInventariado, 2023/VM
650 4 _aNovela Infantil inglesa.
650 4 _aCaballos
_xHábitos y conducta
_vNovela.
700 1 _aSewell, Anna
_tAzabache
700 1 _aGaitan, Sol B.,
_eil.
910 _aVMateo V. Control de calidad. BPMSU
942 _2ddc
_cBK
999 _c8993
_d8993